| 000 | 00544nam a2200181 i 4500 | ||
|---|---|---|---|
| 001 | 31910 | ||
| 003 | ES-MaACL | ||
| 005 | 20230906154455.0 | ||
| 007 | t| | ||
| 008 | 030130s1946 sp ||||1| spa d | ||
| 100 | 1 |
_aBedoya González, José María. _927009 |
|
| 245 | 1 | 4 |
_aLos tumores funcionantes del ovario / _cJ. M. Bedoya ; prólogo de J. Botella. |
| 250 | _a1ª ed. | ||
| 260 |
_aMadrid : _bMorata, _c1946 ( _fSèz) |
||
| 300 |
_a127 p., 7 lám. : _bil. ; _c24 cm. |
||
| 700 | 1 |
_aBotella, J. _930747 |
|
| 852 |
_aES-MaACL _jA-180 _bR.28981 |
||
| 999 |
_c31910 _d31910 |
||